000 03711cam a22012614i 4500
003 PE-LiUPU
005 20250813185635.0
008 150706s2013 mx a r 000 0 spa d
020 _a9786071508478
035 _a(Sirsi) i9786071508478
040 _aPE-LiUPU
_bspa
_cPE-LiUPU
_erda
049 _aPRUA
082 0 4 _a332.61
_bD67
_221
100 1 _aDíaz Mata, Alfredo,
_eautor.
245 1 0 _aIntroducción al mercado bursátil :
_binvierta en la bolsa de valores /
_cAlfredo Díaz Mata, Víctor Manuel Aguilera Gómez.
250 _a2a ed.
264 1 _aMéxico, D.F. :
_bMcGraw-Hill,
_c2013.
300 _axiii, 273 páginas :
_bilustraciones ;
_c23 cm.
336 _atext
_2rdacontent
337 _aunmediated
_2rdamedia
338 _avolume
_2rdacarrier
505 0 _aSistema financiero mexicano -- Sistema bursátil mexicano -- Bolsa mexicana de valores -- Otras organizaciones del medio bursátil -- El mercado de dinero -- El mercado de capitales -- El mercado de derivados -- Fundamentos de matemáticas financieras para el análisis de valores -- Inversiones en bancos -- Sociedades de inversión -- Análisis bursátil para inversión en acciones.
526 _aP202
526 _aP201
526 _aP163
526 _aP162
526 _aP161
526 _aP160
526 _aP148
526 _aP147
526 _aP146
526 _aP145
526 _aP144
526 _aP143
526 _aP142
526 _aP141
526 _aP140
526 _aP139
526 _aP138
526 _aP137
526 _aP136
526 _aP135
526 _aP134
526 _aP133
526 _aP129
526 _aP128
526 _aP127
526 _aP120
526 _aP119
526 _aP118
526 _aP116
526 _aP115
526 _aP114
526 _aP110
526 _aP109
526 _aP108
526 _aP104
526 _aP103
526 _aP102
526 _aP99
526 _aP98
526 _aP97
526 _aP96
526 _aP95
526 _aP93
526 _aP90
526 _aP89
526 _aP88
526 _aP83
526 _aP82
526 _aP62
526 _aP59
526 _aP58
526 _aP57
526 _aP51
526 _aP49
526 _aP48
526 _aP47
526 _aP29
526 _aP24
526 _aP20
526 _aP19
526 _aP17
526 _aP15
526 _aP14
526 _aP12
526 _aP10
526 _aP09
526 _aP08
526 _aP07
526 _aP06
526 _aP05
526 _aP04
526 _aP01
541 _g001-000105;
541 _g001-000105;
650 0 4 _aMercado de valores
_zMéxico.
650 0 4 _aInversiones
_zMéxico.
700 1 _aAguilera Gómez, Víctor Manuel,
_eautor.
910 _agl
_cjck
_d20131114
942 _2ddc
_cBOOK
949 _a332.61 D67
_wDEWEY
_c1
_i69068
_lCCODEBUL1
_mBUL
_p27.00
_r0
_sY
_tBOOK
_u2015-7-6
_xFCE
_PP08
_o.STAFF. Colección General
949 _a332.61 D67
_wDEWEY
_c2
_i69069
_lCCODEBUL1
_mBUL
_p27.00
_r0
_sY
_tBOOK
_u2015-7-6
_xFCE
_PP08
_o.STAFF. Colección General
994 _aC0
_bPEPRU
596 _a1
999 _a332.61 D67
_wDEWEY
_c56158
_i69068
_d56158
_e2018-11-16
_f2021-11-5
_g6
_lCCODEBUL1
_mBUL
_n4
_p27.00
_r0
_sY
_tBOOK
_u2015-7-6
_xFCE
_PP08
_0COMPRA
_o.STAFF. Colección General
999 _a332.61 D67
_wDEWEY
_c2
_i69069
_d2017-3-31
_e2017-3-28
_f2021-11-5
_g6
_lCCODEBUL1
_mBUL
_n1
_p27.00
_r0
_sY
_tBOOK
_u2015-7-6
_xFCE
_PP08
_0COMPRA
_o.STAFF. Colección General
980 _81
_gALBERTO SANCHEZ Responsable de Automatización